Every Song by Beach House - Statistics

General Stats
  • This quiz has been taken 507 times
    438 since last reset
  • The average score is 41 of 103
Answer Stats
Album Song % Correct
Depression Cherry(2015) Space Song
91%
Bloom(2012) Myth
77%
Depression Cherry(2015) PPP
75%
Teen Dream(2010) Silver Soul
73%
Bloom(2012) Wild
72%
Beach House(2006) Master of None
70%
Once Twice Melody: Pink Funeral(2022) Once Twice Melody
67%
Depression Cherry(2015) Levitation
64%
Depression Cherry(2015) Wildflower
64%
Depression Cherry(2015) 10:37
61%
Depression Cherry(2015) Sparks
61%
Depression Cherry(2015) Bluebird
60%
Depression Cherry(2015) Days of Candy
58%
Teen Dream(2010) Take Care
58%
Teen Dream(2010) Zebra
58%
Once Twice Melody: Pink Funeral(2022) Pink Funeral
56%
Teen Dream(2010) Walk in the Park
56%
Become(2023) Become
55%
Bloom(2012) Lazuli
55%
Teen Dream(2010) Norway
55%
Bloom(2012) On the Sea
55%
Devotion(2008) Gila
54%
Depression Cherry(2015) Beyond Love
52%
Bloom(2012) Irene
49%
Beach House(2006) Saltwater
49%
Once Twice Melody: Masquerade(2022) Masquerade
48%
Once Twice Melody: New Romance(2022) New Romance
48%
7(2018) Lemon Glow
47%
7(2018) Black Car
46%
Devotion(2008) Turtle Island
45%
Beach House(2006) Apple Orchard
42%
B-Sides and Rarities(2017) Chariot
42%
Devotion(2008) D.A.R.L.I.N.G.
42%
7(2018) Drunk in LA
42%
Thank Your Lucky Stars(2015) Majorette
42%
Once Twice Melody: Modern Love Stories(2022) Modern Love Stories
42%
Thank Your Lucky Stars(2015) Somewhere Tonight
42%
Beach House(2006) Tokyo Witch
42%
Bloom(Hidden)(2012) Wherever You Go
42%
Non-Album(2018) Alien
41%
Devotion(2008) Astronaut
40%
Beach House(2006) Auburn and Ivory
40%
Bloom(2012) Wishes
40%
Teen Dream(2010) 10 Mile Stereo
39%
Become(2023) Devil's Pool
39%
Bloom(2012) Other People
39%
Once Twice Melody: Pink Funeral(2022) Superstar
39%
Bloom(2012) Troublemaker
39%
Teen Dream(2010) Used to Be
39%
Teen Dream(2010) Lover of Mine
38%
Devotion(2008) Wedding Bell
38%
Beach House(2006) Childhood
37%
7(2018) Girl of the Year
37%
7(2018) Dark Spring
36%
Bloom(2012) New Year
36%
Teen Dream(2010) Real Love
36%
Thank Your Lucky Stars(2015) She's So Lovely
36%
Once Twice Melody: New Romance(2022) ESP
35%
Beach House(2006) House on the Hill
35%
Thank Your Lucky Stars(2015) Rough Song
35%
Once Twice Melody: Pink Funeral(2022) Through Me
35%
Thank Your Lucky Stars(2015) Elegy to the Void
34%
Beach House(2006) Heart and Lungs
34%
Become(2023) American Daughter
33%
B-Sides and Rarities(2017) Baseball Diamond
33%
Devotion(2008) Heart of Chambers
33%
Become(2023) Holiday House
33%
Devotion(2008) Some Things Last a Long Time
33%
Bloom(2012) The Hours
33%
7(2018) Woo
33%
Thank Your Lucky Stars(2015) All Your Yeahs
32%
Devotion(2008) Home Again
32%
Once Twice Melody: Modern Love Stories(2022) The Bells
32%
B-Sides and Rarities(2017) I Do Not Care for the Winter Sun
31%
7(2018) L'Inconnue
31%
7(2018) Dive
30%
Beach House(2006) Lovelier Girl
30%
Devotion(2008) Holy Dances
29%
B-Sides and Rarities(2017) Saturn Song
29%
Thank Your Lucky Stars(2015) The Traveller
29%
Devotion(2008) All the Years
27%
Once Twice Melody: Modern Love Stories(2022) Finale
27%
Once Twice Melody: New Romance(2022) Over and Over
27%
Once Twice Melody: New Romance(2022) Runaway
27%
Teen Dream(Bonus)(2010) Baby
26%
Beach House(Hidden)(2006) Rain in Numbers
26%
Devotion(2008) You Came to Me
26%
Become(2023) Black Magic
25%
7(2018) Last Ride
25%
7(2018) Lose Your Smile
24%
Once Twice Melody: Masquerade(2022) Only You Know
24%
B-Sides and Rarities(2017) Equal Mind
23%
Once Twice Melody: Masquerade(2022) Sunset
23%
Teen Dream(2010) Better Times
21%
Once Twice Melody: Masquerade(2022) Another Go Around
20%
Thank Your Lucky Stars(2015) Common Girl
20%
Once Twice Melody: Modern Love Stories(2022) Hurts to Love
20%
Once Twice Melody: Masquerade(2022) Illusion of Forever
20%
7(2018) Pay No Mind
20%
Once Twice Melody: Modern Love Stories(2022) Many Nights
19%
Thank Your Lucky Stars(2015) One Thing
19%
B-Sides and Rarities(2017) White Moon
18%
B-Sides and Rarities(2017) The Arrangement
17%
No matching quizzes found
Score Distribution
Percent of People with Each Score
Percentile by Number Answered
Your Score History
You have not taken this quiz since the last reset